Teorie tenkostěnných konstrukcí spočívajících na pružném podkladě /
Uložené v:
| Hlavný autor: | |
|---|---|
| Médium: | Kniha |
| Jazyk: | Czech |
| Vydané: |
Praha :
Nakladatelství Československé akademie věd,
1965
|
| Vydanie: | 1. vyd. |
| Edícia: | Rozpravy ČSAV
seš. 4 |
| ISBN: |
(brož.) |
| Fyzický popis: |
132 s. : obr. |
| Tagy: |
Pridať tag
Žiadne tagy, Buďte prvý kto otaguje tento záznam!
|
Titul je dostupný aj v ... 

MARC
| LEADER | 00000nam a22000001 4500 | ||
|---|---|---|---|
| 001 | 000470607 | ||
| 005 | 20150523111634.0 | ||
| 008 | 970902s1965 xr e cze d | ||
| 020 | |a (brož.) |c Kčs 10,20 | ||
| 040 | |a SVKKK |b slo |c SVKKK |e AACR2 | ||
| 041 | 0 | |a cze |b eng | |
| 044 | |a xr |c CZ | ||
| 100 | 1 | |a Panc, Vladimír |4 aut | |
| 245 | 1 | 0 | |a Teorie tenkostěnných konstrukcí spočívajících na pružném podkladě / |c Vladimír Panc. |
| 250 | |a 1. vyd. | ||
| 260 | |a Praha : |b Nakladatelství Československé akademie věd, |c 1965 |f (KNT 5) | ||
| 300 | |a 132 s. : |b obr. | ||
| 366 | |e 800 výt. | ||
| 490 | 1 | |a Rozpravy ČSAV |v seš. 4 | |
| 546 | |a Angl. súhrn | ||
| 830 | 0 | |a Rozpravy ČSAV |v seš. 4 | |
| 910 | |a svkkk | ||
| 998 | |a BK | ||
| 090 | |g SCKHL |k Sklad Pribinova 1. posch. |a IV.35064 |j 359571 |i 470607-10 |s Absenčne | ||